| Поле | Название | Значение |
| |
Тип записи |
a |
| |
Библиографический уровень |
m |
| 001 |
Контрольный номер |
RU/URAIT/598547 |
| 005 |
Дата корректировки |
20260429163618.8 |
| 008 |
Кодируемые данные |
260429s2026 RU y f j 000 0 rus u |
| 020 |
Индекс ISBN |
__ |
| a |
ISBN |
978-5-534-12671-6 |
| c |
Цена, тираж |
1829.00 |
| 040 |
Источник каталогиз. |
__ |
| a |
Служба первич. каталог. |
ИКО Юрайт |
| c |
Служба, преобразующая запись |
ИКО Юрайт |
| e |
Правила каталог. |
RCR |
| 041 |
Код языка издания |
__ |
| a |
Код языка текста |
rus |
| 044 |
Код страны публикации |
__ |
| a |
Код страны публикации |
RU |
| 080 |
Индекс УДК |
__ |
| a |
Индекс УДК |
619(075.8) |
| 084 |
Индекс другой классификации/Индекс ББК |
__ |
| 2 |
Источник индекса |
rubbk |
| a |
Индекс другой классификации/Индекс ББК |
48.73я73 |
| 100 |
Автор |
__ |
| a |
Автор |
Кузнецов А. Ф. |
| q |
Полное имя |
Кузнецов Анатолий Федорович |
| 245 |
Заглавие |
__ |
| a |
Заглавие |
Ветеринарная микология |
| b |
Продолж. заглавия |
учебник для вузов |
| c |
Ответственность |
А. Ф. Кузнецов. |
| 250 |
Сведения об издании |
__ |
| g |
|
испр. и доп |
| a |
Основные сведения об издании |
2-е изд. |
| 256 |
Характеристики компьютерного файла |
__ |
| a |
Характеристики компьютерного файла |
Электрон. дан. |
| 260 |
Выходные данные |
__ |
| a |
Место издания |
Москва |
| b |
Издательство |
Юрайт |
| c |
Дата издания |
2026 |
| 300 |
Физическое описание |
__ |
| a |
Объем |
345 с |
| 440 |
Серия |
__ |
| a |
Серия |
Высшее образование |
| 500 |
Примечания |
__ |
| a |
Примечание |
URL: https://urait.ru/bcode/598547 (дата обращения: 29.04.2026). |
| 520 |
Аннотация |
__ |
| a |
Аннотация |
В учебнике рассматриваются исследования в области общей и прикладной микологии, методы диагностики микопатологий и методы микологических исследований. Подробно описываются основы терапии и меры профилактики при различных микотоксикозах. Книга написана с учетом опыта отечественных и зарубежных исследователей в области микологии и будет полезна студентам-ветеринарам и специалистам-микологам как в качестве теоретического материала, так и в роли практического пособия. |
| 538 |
Прим. о системных особенностях |
__ |
| a |
Прим. о системных особенностях |
Режим доступа: Электронно-библиотечная система Юрайт, для авториз. пользователей |
| 653 |
Ключевые слова |
__ |
| a |
Ключевые слова |
Ветеринария |
| 653 |
Ключевые слова |
__ |
| a |
Ключевые слова |
Сельскохозяйственные науки |
| 653 |
Ключевые слова |
__ |
| a |
Ключевые слова |
Ветеринарная микробиология и микология |
| 653 |
Ключевые слова |
__ |
| a |
Ключевые слова |
Микология |
| 653 |
Ключевые слова |
__ |
| a |
Ключевые слова |
Микология и вирусология |
| 653 |
Ключевые слова |
__ |
| a |
Ключевые слова |
Ветеринарная микробиология, вирусология, эпизоотология, микология с микотоксикологией и иммунология |
| 653 |
Ключевые слова |
__ |
| a |
Ключевые слова |
Микология с микотоксикологией |
| 653 |
Ключевые слова |
__ |
| a |
Ключевые слова |
Основы вирусологии и микологии |
| 653 |
Ключевые слова |
__ |
| a |
Ключевые слова |
Ветеринарная микология |
| 653 |
Ключевые слова |
__ |
| a |
Ключевые слова |
Вирусология и микология |
| 653 |
Ключевые слова |
__ |
| a |
Ключевые слова |
Ветеринарная микробиология, вирусология и микология |
| 653 |
Ключевые слова |
__ |
| a |
Ключевые слова |
Вирусология и инфекционные болезни |
| 856 |
Электронный адрес документа |
40 |
| n |
Местонахождение сервера |
Юрайт |
| g |
|
Электронная книга |
| q |
Тип электронного формата |
html |
| h |
Имя пользователя |
ЮРАЙТ |
| v |
Часы доступа к ресурсу |
20271231 |
| 2 |
Способ доступа |
Показать документ |
| x |
Служебное примечание |
https://urait.ru/book/cover/4711AD1C-2BEF-4916-8052-3472C561C6A0 |
| u |
URL |
https://urait.ru/bcode/598547 |
| 856 |
Электронный адрес документа |
48 |
| q |
Тип электронного формата |
cover |
| u |
URL |
https://urait.ru/book/cover/4711AD1C-2BEF-4916-8052-3472C561C6A0 |
| 911 |
|
__ |
| u |
|
0030=https://urait.ru/bcode/598547 |
| 911 |
|
__ |
| u |
|
073a=9785534126716 |
| u |
|
073d=1829.00 |
| 911 |
|
__ |
| u |
|
106a=s |
| 911 |
|
__ |
| u |
|
900l= |
| 952 |
Тип литературы |
__ |
| i |
Дисциплина |
Ветеринарная микробиология и микология |
| 952 |
Тип литературы |
__ |
| i |
Дисциплина |
Микология |
| 952 |
Тип литературы |
__ |
| i |
Дисциплина |
Микология и вирусология |
| 952 |
Тип литературы |
__ |
| i |
Дисциплина |
Ветеринарная микробиология, вирусология, эпизоотология, микология с микотоксикологией и иммунология |
| 952 |
Тип литературы |
__ |
| i |
Дисциплина |
Микология с микотоксикологией |
| 952 |
Тип литературы |
__ |
| i |
Дисциплина |
Основы вирусологии и микологии |
| 952 |
Тип литературы |
__ |
| i |
Дисциплина |
Ветеринарная микология |
| 952 |
Тип литературы |
__ |
| i |
Дисциплина |
Вирусология и микология |
| 952 |
Тип литературы |
__ |
| i |
Дисциплина |
Ветеринарная микробиология, вирусология и микология |
| 952 |
Тип литературы |
__ |
| i |
Дисциплина |
Вирусология и инфекционные болезни |